| 000 -LEADER | |
|---|---|
| fixed length control field | 00435nam a22001817a 4500 |
| 005 - DATE AND TIME OF LATEST TRANSACTION | |
| control field | 20230130153717.0 |
| 008 - FIXED-LENGTH DATA ELEMENTS--GENERAL INFORMATION | |
| fixed length control field | 230130b |||||||| |||| 00| 0 eng d |
| 020 ## - INTERNATIONAL STANDARD BOOK NUMBER | |
| ISBN | 9788185731872 |
| 041 ## - LANGUAGE CODE | |
| Language code of text/sound track or separate title | eng |
| 082 ## - DEWEY DECIMAL CLASSIFICATION NUMBER | |
| Classification number | 615 JAI-F |
| 100 ## - MAIN ENTRY--AUTHOR NAME | |
| Personal name | JAIN ,N K |
| 245 ## - TITLE STATEMENT | |
| Title | A TEXT BOOK OF FORENSIC PHARMACY |
| 250 ## - EDITION STATEMENT | |
| Edition statement | 8th ed. |
| 260 ## - PUBLICATION, DISTRIBUTION, ETC. (IMPRINT) | |
| Name of publisher | VALLABH PRAKASHAN |
| Year of publication | 2020 |
| 300 ## - PHYSICAL DESCRIPTION | |
| Number of Pages | 520;P. |
| 650 ## - SUBJECT ADDED ENTRY--TOPICAL TERM | |
| Topical Term | PHARMACY |
| General subdivision | B.PHARMA |
| 942 ## - ADDED ENTRY ELEMENTS (KOHA) | |
| Koha item type | Books |
| Lost status | Damaged status | Collection code | Home library | Current library | Shelving location | Date acquired | Source of acquisition | Cost, normal purchase price | Full call number | Accession Number | Koha item type |
|---|---|---|---|---|---|---|---|---|---|---|---|
| Reference | JRU Library | JRU Library | SHELF-4-D | 23/01/2023 | LOHIA BOOK INTERNATIONAL | 210.00 | 615 JAI-F | 27493 | Books | ||
| PHARMACY | JRU Library | JRU Library | SHELF-19-D | 23/01/2023 | LOHIA BOOK INTERNATIONAL | 210.00 | 615 JAI-F | 27494 | Books | ||
| PHARMACY | JRU Library | JRU Library | SHELF-19-D | 23/01/2023 | LOHIA BOOK INTERNATIONAL | 210.00 | 615 JAI-F | 27495 | Books | ||
| PHARMACY | JRU Library | JRU Library | SHELF-19-D | 23/01/2023 | LOHIA BOOK INTERNATIONAL | 210.00 | 615 JAI-F | 27496 | Books | ||
| PHARMACY | JRU Library | JRU Library | SHELF-19-D | 23/01/2023 | LOHIA BOOK INTERNATIONAL | 210.00 | 615 JAI-F | 27497 | Books | ||
| PHARMACY | JRU Library | JRU Library | SHELF-19-D | 23/01/2023 | LOHIA BOOK INTERNATIONAL | 210.00 | 615 JAI-F | 27498 | Books | ||
| PHARMACY | JRU Library | JRU Library | SHELF-19-D | 23/01/2023 | LOHIA BOOK INTERNATIONAL | 210.00 | 615 JAI-F | 27499 | Books | ||
| PHARMACY | JRU Library | JRU Library | SHELF-17-C | 23/01/2023 | LOHIA BOOK INTERNATIONAL | 210.00 | 615 JAI-F | 27500 | Books | ||
| PHARMACY | JRU Library | JRU Library | SHELF-19-D | 23/01/2023 | LOHIA BOOK INTERNATIONAL | 210.00 | 615 JAI-F | 27501 | Books | ||
| PHARMACY | JRU Library | JRU Library | SHELF-19-D | 23/01/2023 | LOHIA BOOK INTERNATIONAL | 210.00 | 615 JAI-F | 27502 | Books |